Central Library OPAC University of Rajshahi

Tensions in Bengal rural society : (Record no. 64210)

MARC details
000 -LEADER
fixed length control field 00810nam a2200241 a 4500
001 - CONTROL NUMBER
control field 64210
003 - CONTROL NUMBER IDENTIFIER
rucl marc code BD-RjUL
005 - DATE AND TIME OF LATEST TRANSACTION
control field 20211209081301.0
008 - FIXED-LENGTH DATA ELEMENTS--GENERAL INFORMATION
fixed length control field 170212s1975 ii b 001 0 eng d
035 ## - SYSTEM CONTROL NUMBER
System control number (BD-RjUL)64340
040 ## - CATALOGING SOURCE
Original cataloging agency BD-RjUL
Transcribing agency BD-RjUL
Modifying agency BD-RjUL
Language of cataloging eng
041 ## - LANGUAGE CODE
Language code of text/sound track or separate title eng
082 00 - DEWEY DECIMAL CLASSIFICATION NUMBER
Classification number 954.14031
Edition number 23
Author mark and year PAT 1975
100 1# - MAIN ENTRY--PERSONAL NAME
Personal name Palit, Chittabrata.
9 (RLIN) 190687
245 10 - TITLE STATEMENT
Title Tensions in Bengal rural society :
Remainder of title landlord, planters, and colonial rule, 1830-1860 /
Statement of responsibility, etc. Chittabrata Palit.
260 ## - PUBLICATION, DISTRIBUTION, ETC. (IMPRINT)
Place of publication, distribution, etc. Calcutta :
Name of publisher, distributor, etc. Progressive Publishers,
Date of publication, distribution, etc. 1975.
300 ## - PHYSICAL DESCRIPTION
Pagination ix, 226 p. ;
Size 22 cm.
504 ## - BIBLIOGRAPHY, ETC. NOTE
Bibliography, etc Includes bibliography and index.
650 #0 - SUBJECT ADDED ENTRY--TOPICAL TERM
Topical term or geographic name as entry element Agriculture
Geographic subdivision Bengal
9 (RLIN) 190688
Topical term or geographic name as entry element Landlord and tenant
Geographic subdivision Bengal
9 (RLIN) 190689
651 #0 - SUBJECT ADDED ENTRY--GEOGRAPHIC NAME
Geographic name Bengal (India)
General subdivision Politics and government.
9 (RLIN) 174584
942 ## - ADDED ENTRY ELEMENTS (KOHA)
Source of classification or shelving scheme Dewey Decimal Classification
Koha item type Books
Holdings
Lost status Source of classification or shelving scheme Damaged status Not for loan Collection code Permanent Location Current Location Shelving location Date acquired Source of acquisition Cost, normal purchase price Total Checkouts Full call number Date last seen Copy number Koha item type
  Dewey Decimal Classification   Not For Loan Non-fiction Central Library, University of Rajshahi Central Library, University of Rajshahi Reading Room 10/05/1980 K.P. Bagchi, cal 30.00   954.14031 PAT 1975 12/02/2017 C-1 Books